| 000 | 00474nam a2200193Ia 4500 | ||
|---|---|---|---|
| 008 | 170918s9999 xx 000 0 und d | ||
| 020 | _a590486780 | ||
| 050 | _bG347 1992 | ||
| 100 | _aSt. George, Judith | ||
| 245 | _aDear Dr. Bell… your friend, Helen Keller / | ||
| 245 | _cby Judith St. George. | ||
| 260 | _aNew York : | ||
| 260 | _bScholastic, | ||
| 260 | _c1992 | ||
| 300 | _a95 pages : | ||
| 300 | _billustrations ; | ||
| 300 | _c19cm. | ||
| 500 | _a1180 | ||
| 999 |
_c344042 _d344042 |
||